Stanovenie škody vo vybranom podnikateľskom subjekte diplomová práca

Gespeichert in:
Bibliographische Detailangaben
1. Verfasser: Stravková, Simona
Körperschaft: Fakulta podnikového manažmentu EU. Katedra podnikovohospodárska
Weitere Verfasser: Majdúchová, Helena, 1963-
Format: Buch
Sprache:Slowakisch
Veröffentlicht: Bratislava 2023
Tags: Tag hinzufügen
Keine Tags, Fügen Sie das erste Tag hinzu!

MARC

LEADER 00000nbm a2200000 4500
001 0293402
005 20240219145500.3
041 0 |a slo 
044 |a SK 
245 1 0 |a Stanovenie škody vo vybranom podnikateľskom subjekte  |b diplomová práca  |c Simona Stravková ; školiteľ: Helena Majdúchová 
264 1 |a Bratislava  |c 2023 
300 |a 93 s. 
100 1 |a Stravková, Simona 
700 1 |a Majdúchová, Helena, 1963- 
710 2 |a Fakulta podnikového manažmentu EU. Katedra podnikovohospodárska